[Event "British KO-ch Pre 2019"]
[Site "London"]
[Date "2019.11.30"]
[Round "7.3"]
[White "Clarke, Brandon G I"]
[Black "Fernandez, Daniel Howard"]
[Result "1-0"]
[WhiteElo "2431"]
[BlackElo "2444"]
[Annotator "NA"]
[PlyCount "57"]
[EventDate "2019.11.30"]
[EventType "k.o."]
[EventCountry "ENG"]
[SourceTitle "playchess.com"]
[Source "ChessBase"]
[SourceQuality "1"]
[TimeControl "600+5"]

1. e4 {[%emt 0:00:00]} c5 {[%emt 0:00:00]} 2. Nf3 {[%emt 0:00:00]} d6 {[%emt 0:00:00]} 3. d4 {[%emt 0:00:00]} Nf6 {[%emt 0:00:00]} 4. Nc3 {[%emt 0:00:00]} cxd4 {[%emt 0:00:02]} 5. Nxd4 {[%emt 0:00:01]} Nbd7 {[%emt 0:00:12]} 6. g4 {[%emt 0:00:04]} Nc5 {[%emt 0:00:07]} 7. f3 {[%emt 0:00:18]} g6 {[%emt 0:00:04]} 8. Be3 {[%emt 0:00:22]} e5 {[%emt 0:00:26]} 9. Nb3 {[%emt 0:01:36]} Ne6 {[%emt 0:00:12]} 10. Qd2 {[%emt 0:01:04]} a6 {[%emt 0:00:05]} 11. O-O-O {[%emt 0:00:23]} Be7 {[%emt 0:00:06]} 12. h4 {[%emt 0:00:19]} b5 {[%emt 0:01:19]} 13. Nd5 {[%emt 0:02:40]} h5 {[%emt 0:01:21]} 14. Nb6 {[%emt 0:01:28]} Rb8 {[%emt 0:00:11]} 15. g5 {[%emt 0:00:02]} Nxe4 {[%emt 0:00:37]} 16. fxe4 {[%emt 0:00:09]} Rxb6 {[%emt 0:00:02]} 17. Bxb6 {[%emt 0:00:10]} Qxb6 {[%emt 0:00:02]} 18. Bh3 {[%emt 0:00:09]} O-O {[%emt 0:00:19]} 19. Kb1 {[%emt 0:00:24]} Kg7 {[%emt 0:00:48]} 20. Rhf1 {[%emt 0:00:29]} Nf4 {[%emt 0:00:16]} 21. Bxc8 Rxc8 {[%emt 0:00:02]} 22. Nd4 {[%emt 0:01:35]} Rc4 {[%emt 0:00:19]} 23. Ne2 {[%emt 0:00:05]} Ng2 {[%emt 0:01:04]} 24. Qd5 {[%emt 0:00:14]} f6 {[%emt 0:01:02]} 25. gxf6+ Bxf6 {[%emt 0:00:02]} 26. Rxf6 {[%emt 0:00:11]} Kxf6 {[%emt 0:00:38]} 27. Rf1+ {[%emt 0:00:01]} Ke7 {[%emt 0:00:01]} 28. Qf7+ {[%emt 0:00:15]} Kd8 {[%emt 0:00:02]} 29. Qf8+ {[%emt 0:00:03]} 1-0

[Event "British KO-ch Pre 2019"]
[Site "London"]
[Date "2019.11.30"]
[Round "7.4"]
[White "McPhillips, Joseph"]
[Black "Merry, Alan B"]
[Result "1-0"]
[WhiteElo "2434"]
[BlackElo "2426"]
[Annotator "NA"]
[PlyCount "95"]
[EventDate "2019.11.30"]
[EventType "k.o."]
[EventCountry "ENG"]
[SourceTitle "playchess.com"]
[Source "ChessBase"]
[SourceQuality "1"]
[TimeControl "600+5"]

1. e4 {[%emt 0:00:22]} e6 {[%emt 0:00:00]} 2. c3 {[%emt 0:00:01]} d5 {[%emt 0:00:03]} 3. Bd3 {[%emt 0:00:01]} c5 {[%emt 0:00:41]} 4. Nf3 {[%emt 0:00:02]} dxe4 {[%emt 0:00:25]} 5. Bxe4 {[%emt 0:00:02]} Nf6 {[%emt 0:00:01]} 6. Bc2 {[%emt 0:00:02]} b6 {[%emt 0:00:46]} 7. O-O {[%emt 0:00:03]} Bb7 {[%emt 0:00:02]} 8. d4 {[%emt 0:00:02]} Nbd7 {[%emt 0:00:38]} 9. Re1 {[%emt 0:00:03]} Be7 {[%emt 0:00:02]} 10. Nbd2 {[%emt 0:00:03]} cxd4 {[%emt 0:00:07]} 11. cxd4 {[%emt 0:00:15]} O-O {[%emt 0:00:07]} 12. a3 {[%emt 0:00:05]} Rc8 {[%emt 0:00:06]} 13. Nf1 {[%emt 0:00:11]} Bxf3 {[%emt 0:00:17]} 14. gxf3 {[%emt 0:00:02]} Nd5 {[%emt 0:00:13]} 15. Ng3 {[%emt 0:00:13]} Bd6 {[%emt 0:00:45]} 16. Qd3 {[%emt 0:00:30]} g6 {[%emt 0:00:07]} 17. Bh6 {[%emt 0:00:09]} Re8 {[%emt 0:00:07]} 18. Qd2 {[%emt 0:00:25]} Qf6 {[%emt 0:01:20]} 19. Ba4 {[%emt 0:01:10]} Qd8 {[%emt 0:01:30]} 20. Ne4 {[%emt 0:01:19]} Bf8 {[%emt 0:00:25]} 21. Bg5 {[%emt 0:00:18]} Be7 {[%emt 0:00:19]} 22. Be3 {[%emt 0:00:11]} a6 {[%emt 0:00:16]} 23. b4 {[%emt 0:00:21]} b5 {[%emt 0:00:07]} 24. Bb3 {[%emt 0:00:02]} N7f6 {[%emt 0:00:14]} 25. Nc5 {[%emt 0:00:10]} Qb6 {[%emt 0:00:25]} 26. Bg5 {[%emt 0:00:08]} Red8 {[%emt 0:00:30]} 27. Rac1 {[%emt 0:00:34]} Nh5 {[%emt 0:00:41]} 28. Bxe7 Nxe7 {[%emt 0:00:03]} 29. Nxe6 {[%emt 0:00:31]} Rxc1 30. Qxc1 {[%emt 0:00:02]} Rd6 {[%emt 0:01:16]} 31. Ng5 {[%emt 0:00:35]} Nd5 {[%emt 0:00:19]} 32. Qc5 {[%emt 0:01:07]} Nhf4 {[%emt 0:00:31]} 33. Re4 {[%emt 0:00:53]} Qd8 {[%emt 0:00:10]} 34. Nxf7 {[%emt 0:00:38]} Kxf7 {[%emt 0:00:02]} 35. Rxf4+ {[%emt 0:00:02]} Kg7 {[%emt 0:00:02]} 36. Rg4 {[%emt 0:00:31]} Nf6 {[%emt 0:00:09]} 37. Rf4 {[%emt 0:00:03]} Nd5 {[%emt 0:00:06]} 38. Bxd5 {[%emt 0:00:03]} Rxd5 {[%emt 0:00:07]} 39. Qa7+ {[%emt 0:00:08]} Rd7 {[%emt 0:00:06]} 40. Qxa6 {[%emt 0:00:02]} Rxd4 {[%emt 0:00:07]} 41. Rxd4 {[%emt 0:00:14]} Qxd4 {[%emt 0:00:00]} 42. Qxb5 {[%emt 0:00:02]} Qa1+ {[%emt 0:00:04]} 43. Kg2 {[%emt 0:00:02]} Qxa3 {[%emt 0:00:02]} 44. Qe5+ {[%emt 0:00:02]} Kf7 {[%emt 0:00:06]} 45. b5 {[%emt 0:00:04]} Qb4 {[%emt 0:00:07]} 46. Qc7+ {[%emt 0:00:03]} Kg8 {[%emt 0:00:09]} 47. b6 {[%emt 0:00:02]} Qb5 {[%emt 0:00:06]} 48. b7 {[%emt 0:00:03]} 1-0

[Event "British KO-ch Pre 2019"]
[Site "London"]
[Date "2019.11.30"]
[Round "7.5"]
[White "Wadsworth, Matthew J"]
[Black "Golding, Alex"]
[Result "1-0"]
[WhiteElo "2401"]
[BlackElo "2306"]
[Annotator "TA"]
[PlyCount "45"]
[EventDate "2019.11.30"]
[EventType "k.o."]
[EventCountry "ENG"]
[SourceTitle "playchess.com"]
[Source "ChessBase"]
[SourceQuality "1"]

{[%evp 11,71,9,17,12,15,-18,0,0,16,0,12,12,2,8,20,18,28,30,52,22,62,61,69,75,96,54,228,210,516,520,745,735,808,814,793,537,808,796,840,829,818,810,758,758,736,732,683,654,744,727,1343,1384,1438,709,1950,1950,1326,990,835,779,750,726]} 1. c4 e5 2. g3 Nc6 3. Nc3 g6 4. Bg2 Bg7 5. d3 Nge7 6. Rb1 a5 7. a3 {A26: English Opening vs King's Indian with ...Nc6 and d3} O-O 8. b4 axb4 9. axb4 {The position is equal.} d6 10. e3 Be6 11. b5 Na5 12. Nge2 d5 13. cxd5 Nxd5 14. O-O Re8 $146 ({Predecessor:} 14... Nxc3 15. Nxc3 {½-½ (51) Vokac,M (2498)-Kanovsky,D (2368) Ceska Trebova 2006}) 15. Qc2 c6 16. bxc6 bxc6 17. Ne4 Rb8 18. Bd2 {[#] Hoping for Rxb8.} Rb5 $2 ({Better is} 18... Nb3 $1 $14) 19. Nc5 $18 Qb6 $2 (19... Bf8 {is tougher.}) 20. Nxe6 {White is clearly winning.} Rxe6 21. Rxb5 Qxb5 22. Rb1 Qa6 23. Bxd5 {Played: Rb1-a1} 1-0

[Event "British KO-ch Pre 2019"]
[Site "London"]
[Date "2019.11.30"]
[Round "7.6"]
[White "Pein, Jonathan"]
[Black "Willow, Jonah B"]
[Result "0-1"]
[WhiteElo "2151"]
[BlackElo "2345"]
[Annotator "NA"]
[PlyCount "102"]
[EventDate "2019.11.30"]
[EventType "k.o."]
[EventCountry "ENG"]
[SourceTitle "playchess.com"]
[Source "ChessBase"]
[SourceQuality "1"]
[TimeControl "600+5"]

1. e4 {[%emt 0:00:00]} c5 {[%emt 0:00:00]} 2. Nf3 {[%emt 0:00:00]} Nc6 {[%emt 0:00:00]} 3. d4 {[%emt 0:00:08]} cxd4 {[%emt 0:00:00]} 4. Nxd4 {[%emt 0:00:01]} g6 {[%emt 0:00:00]} 5. Nc3 {[%emt 0:00:01]} Bg7 {[%emt 0:00:02]} 6. Be3 {[%emt 0:00:01]} Nf6 {[%emt 0:00:00]} 7. Bc4 {[%emt 0:00:02]} O-O {[%emt 0:00:02]} 8. Bb3 {[%emt 0:00:02]} d6 {[%emt 0:00:06]} 9. h3 {[%emt 0:00:20]} Bd7 {[%emt 0:00:07]} 10. O-O {[%emt 0:00:03]} Nxd4 {[%emt 0:00:23]} 11. Bxd4 {[%emt 0:00:01]} Bc6 {[%emt 0:00:36]} 12. Nd5 {[%emt 0:00:23]} e5 {[%emt 0:01:06]} 13. Nxf6+ {[%emt 0:01:04]} Qxf6 {[%emt 0:00:21]} 14. Bc3 {[%emt 0:00:36]} Bxe4 {[%emt 0:00:02]} 15. Qe2 {[%emt 0:00:30]} Bc6 {[%emt 0:01:17]} 16. f4 {[%emt 0:00:01]} Qh4 {[%emt 0:00:41]} 17. Rad1 {[%emt 0:00:58]} exf4 {[%emt 0:01:03]} 18. Bxg7 Kxg7 {[%emt 0:00:01]} 19. Rd4 {[%emt 0:02:05]} f3 {[%emt 0:02:50]} 20. Qd2 {[%emt 0:00:52]} Qh5 {[%emt 0:00:16]} 21. gxf3 {[%emt 0:01:00]} Qxh3 {[%emt 0:00:08]} 22. Rf2 {[%emt 0:00:02]} Qg3+ {[%emt 0:00:07]} 23. Rg2 {[%emt 0:00:38]} Qxf3 {[%emt 0:00:05]} 24. Bd5 {[%emt 0:00:02]} Bxd5 {[%emt 0:00:11]} 25. Rxd5 {[%emt 0:00:01]} Rad8 {[%emt 0:00:47]} 26. Rh2 {[%emt 0:00:07]} Qg4+ {[%emt 0:00:09]} 27. Kh1 {[%emt 0:00:08]} h5 {[%emt 0:00:27]} 28. Rdxh5 {[%emt 0:01:15]} gxh5 {[%emt 0:00:17]} 29. Rg2 {[%emt 0:00:01]} f6 {[%emt 0:00:17]} 30. Qd5 {[%emt 0:00:33]} Qxg2+ {[%emt 0:00:13]} 31. Qxg2+ {[%emt 0:00:09]} Kh6 {[%emt 0:00:08]} 32. Qxb7 {[%emt 0:00:18]} Rde8 {[%emt 0:00:10]} 33. Qb4 {[%emt 0:00:42]} d5 {[%emt 0:00:21]} 34. Qf4+ {[%emt 0:00:09]} Kg6 {[%emt 0:00:01]} 35. Qg3+ {[%emt 0:00:08]} Kf7 {[%emt 0:00:06]} 36. Qc7+ {[%emt 0:00:27]} Re7 {[%emt 0:00:00]} 37. Qd6 {[%emt 0:00:08]} Re5 {[%emt 0:00:11]} 38. Qd7+ {[%emt 0:00:06]} Kg6 {[%emt 0:00:04]} 39. Qxa7 {[%emt 0:00:01]} Rfe8 {[%emt 0:00:05]} 40. a4 {[%emt 0:00:07]} Rg5 {[%emt 0:00:12]} 41. Qf2 {[%emt 0:00:08]} Re4 {[%emt 0:00:14]} 42. a5 {[%emt 0:00:05]} Rf5 {[%emt 0:00:05]} 43. Qg2+ {[%emt 0:00:05]} Rg4 {[%emt 0:00:02]} 44. Qh3 {[%emt 0:00:03]} Rff4 {[%emt 0:00:06]} 45. Qd3+ {[%emt 0:00:03]} Kg5 {[%emt 0:00:16]} 46. Qxd5+ {[%emt 0:00:01]} Kh4 {[%emt 0:00:01]} 47. Qd3 {[%emt 0:00:14]} Rg3 {[%emt 0:00:07]} 48. Qe2 {[%emt 0:00:04]} Rfg4 {[%emt 0:00:04]} 49. Qf2 {[%emt 0:00:02]} Kg5 {[%emt 0:00:04]} 50. Qd2+ {[%emt 0:00:01]} Kg6 {[%emt 0:00:02]} 51. a6 {[%emt 0:00:01]} Rh3+ {[%emt 0:00:01]} 0-1

[Event "British KO-ch Pre 2019"]
[Site "London"]
[Date "2019.11.30"]
[Round "7.7"]
[White "Toma, Katarzyna"]
[Black "Claridge-Hansen, William"]
[Result "0-1"]
[WhiteElo "2272"]
[BlackElo "2290"]
[Annotator "NA"]
[PlyCount "80"]
[EventDate "2019.11.30"]
[EventType "k.o."]
[EventCountry "ENG"]
[SourceTitle "playchess.com"]
[Source "ChessBase"]
[SourceQuality "1"]
[TimeControl "600+5"]

1. e4 {[%emt 0:00:00]} d5 {[%emt 0:00:00]} 2. exd5 {[%emt 0:00:00]} Qxd5 {[%emt 0:00:01]} 3. Nc3 {[%emt 0:00:00]} Qd6 {[%emt 0:00:01]} 4. d4 {[%emt 0:00:10]} Nf6 {[%emt 0:00:01]} 5. Nb5 {[%emt 0:00:04]} Qb6 {[%emt 0:00:02]} 6. c4 {[%emt 0:00:01]} c6 {[%emt 0:00:16]} 7. Nc3 {[%emt 0:00:03]} Bg4 {[%emt 0:00:52]} 8. Be2 {[%emt 0:01:25]} Bxe2 9. Ngxe2 {[%emt 0:00:02]} e6 {[%emt 0:00:38]} 10. O-O {[%emt 0:00:03]} Be7 {[%emt 0:00:10]} 11. Qc2 {[%emt 0:00:11]} O-O {[%emt 0:00:18]} 12. h3 {[%emt 0:00:04]} Nbd7 {[%emt 0:00:32]} 13. Be3 {[%emt 0:00:02]} Qa6 {[%emt 0:00:09]} 14. b3 {[%emt 0:00:13]} Rac8 {[%emt 0:01:06]} 15. Rfd1 {[%emt 0:00:19]} Rfd8 {[%emt 0:00:31]} 16. a4 {[%emt 0:01:12]} Qa5 {[%emt 0:00:21]} 17. Qb2 {[%emt 0:01:00]} Qf5 {[%emt 0:00:53]} 18. a5 {[%emt 0:00:14]} a6 {[%emt 0:00:32]} 19. b4 {[%emt 0:00:21]} h6 {[%emt 0:00:32]} 20. Qb3 {[%emt 0:00:26]} Nf8 {[%emt 0:00:16]} 21. Ng3 {[%emt 0:00:19]} Qg6 {[%emt 0:00:05]} 22. Na4 {[%emt 0:00:06]} Ne4 {[%emt 0:00:45]} 23. Nxe4 Qxe4 {[%emt 0:00:01]} 24. Nc5 {[%emt 0:00:12]} Bxc5 {[%emt 0:00:07]} 25. bxc5 {[%emt 0:00:01]} Rd7 {[%emt 0:00:08]} 26. Rab1 {[%emt 0:00:09]} Ng6 {[%emt 0:00:09]} 27. Qd3 {[%emt 0:00:35]} Qh4 {[%emt 0:00:28]} 28. Rd2 {[%emt 0:00:24]} Qh5 {[%emt 0:01:35]} 29. Qe4 {[%emt 0:00:32]} Re8 {[%emt 0:00:26]} 30. Rdb2 {[%emt 0:00:13]} f5 {[%emt 0:00:11]} 31. g4 {[%emt 0:01:32]} Qxh3 {[%emt 0:00:40]} 32. gxf5 {[%emt 0:00:21]} Nh4 {[%emt 0:00:03]} 33. f4 {[%emt 0:00:22]} Qxf5 {[%emt 0:00:30]} 34. Qh1 {[%emt 0:00:36]} Qg4+ {[%emt 0:00:01]} 35. Kf1 {[%emt 0:00:20]} Nf5 {[%emt 0:00:10]} 36. Qg1 {[%emt 0:00:29]} Rf8 {[%emt 0:00:11]} 37. Rg2 {[%emt 0:00:56]} Nxe3+ {[%emt 0:00:05]} 38. Qxe3 {[%emt 0:00:02]} Qxf4+ {[%emt 0:00:03]} 39. Qxf4 {[%emt 0:00:09]} Rxf4+ {[%emt 0:00:01]} 40. Ke2 {[%emt 0:00:05]} Rfxd4 {[%emt 0:00:04]} 0-1

[Event "British KO-ch Pre 2019"]
[Site "London"]
[Date "2019.11.30"]
[Round "7.8"]
[White "Kalaiyalahan, Akshaya"]
[Black "Head, Louise"]
[Result "0-1"]
[WhiteElo "2154"]
[BlackElo "2100"]
[Annotator "NA"]
[PlyCount "102"]
[EventDate "2019.11.30"]
[EventType "k.o."]
[EventCountry "ENG"]
[SourceTitle "playchess.com"]
[Source "ChessBase"]
[SourceQuality "1"]
[TimeControl "600+5"]

1. Nf3 {[%emt 0:00:00]} Nf6 {[%emt 0:00:00]} 2. g3 {[%emt 0:00:00]} d5 {[%emt 0:00:00]} 3. Bg2 {[%emt 0:00:01]} Bf5 {[%emt 0:00:01]} 4. O-O {[%emt 0:00:11]} e6 {[%emt 0:00:04]} 5. d3 {[%emt 0:00:06]} h6 {[%emt 0:00:03]} 6. c4 {[%emt 0:00:22]} c6 {[%emt 0:00:18]} 7. cxd5 {[%emt 0:00:27]} exd5 {[%emt 0:00:26]} 8. Nbd2 {[%emt 0:01:16]} Be7 {[%emt 0:00:18]} 9. Qb3 {[%emt 0:01:09]} Qb6 {[%emt 0:00:07]} 10. Qc2 {[%emt 0:00:02]} O-O {[%emt 0:00:12]} 11. e4 {[%emt 0:00:39]} dxe4 12. dxe4 {[%emt 0:00:03]} Bh7 {[%emt 0:01:03]} 13. Qc4 {[%emt 0:01:30]} Qb4 {[%emt 0:00:36]} 14. Qxb4 {[%emt 0:00:36]} Bxb4 {[%emt 0:00:01]} 15. a3 {[%emt 0:00:10]} Ba5 {[%emt 0:00:20]} 16. b4 {[%emt 0:01:07]} Bc7 {[%emt 0:00:08]} 17. Re1 {[%emt 0:00:10]} Nbd7 {[%emt 0:00:24]} 18. Bb2 {[%emt 0:00:20]} Rfe8 {[%emt 0:00:22]} 19. e5 {[%emt 0:00:47]} Nd5 {[%emt 0:02:09]} 20. Nc4 {[%emt 0:00:29]} N7b6 {[%emt 0:00:06]} 21. Nxb6 Bxb6 {[%emt 0:00:11]} 22. Rad1 {[%emt 0:01:08]} Rad8 {[%emt 0:00:15]} 23. Rc1 {[%emt 0:00:52]} a5 {[%emt 0:00:28]} 24. bxa5 {[%emt 0:00:09]} Bxa5 {[%emt 0:00:02]} 25. Red1 {[%emt 0:00:07]} Nc7 {[%emt 0:00:35]} 26. Rxd8 Rxd8 {[%emt 0:00:03]} 27. Nd4 {[%emt 0:00:19]} Bb6 {[%emt 0:00:44]} 28. Nf3 {[%emt 0:00:10]} Ne6 {[%emt 0:00:06]} 29. Bc3 {[%emt 0:00:06]} Bc5 {[%emt 0:00:14]} 30. a4 {[%emt 0:00:03]} Ra8 {[%emt 0:00:22]} 31. a5 {[%emt 0:00:01]} Rd8 {[%emt 0:00:04]} 32. h4 {[%emt 0:00:09]} Kf8 {[%emt 0:00:13]} 33. Kf1 {[%emt 0:00:06]} Bd3+ {[%emt 0:00:05]} 34. Ke1 {[%emt 0:00:01]} Ba6 {[%emt 0:00:07]} 35. Ng1 {[%emt 0:00:11]} Bd4 {[%emt 0:00:10]} 36. Bxd4 {[%emt 0:00:04]} Rxd4 {[%emt 0:00:03]} 37. Rd1 {[%emt 0:00:03]} Rxd1+ 38. Kxd1 {[%emt 0:00:01]} Nc5 {[%emt 0:00:10]} 39. Kc2 {[%emt 0:00:01]} Nd3 {[%emt 0:00:16]} 40. Bf1 {[%emt 0:00:10]} Nxe5 {[%emt 0:00:25]} 41. Bxa6 {[%emt 0:00:02]} bxa6 {[%emt 0:00:01]} 42. Kc3 {[%emt 0:00:00]} c5 {[%emt 0:00:03]} 43. f4 {[%emt 0:00:03]} Nc6 {[%emt 0:00:05]} 44. Kc4 {[%emt 0:00:03]} Nxa5+ {[%emt 0:00:01]} 45. Kxc5 {[%emt 0:00:01]} Nb3+ {[%emt 0:00:07]} 46. Kb4 {[%emt 0:00:01]} Nd4 {[%emt 0:00:02]} 47. Ka5 {[%emt 0:00:06]} Ke7 {[%emt 0:00:08]} 48. Kxa6 {[%emt 0:00:02]} Ke6 {[%emt 0:00:01]} 49. Ka5 {[%emt 0:00:10]} Kf5 {[%emt 0:00:02]} 50. Kb4 {[%emt 0:00:02]} Kg4 {[%emt 0:00:01]} 51. Kc4 {[%emt 0:00:04]} Nf5 {[%emt 0:00:02]} 0-1

[Event "British KO-ch Pre 2019"]
[Site "London"]
[Date "2019.11.30"]
[Round "8.1"]
[White "Willow, Jonah B"]
[Black "Harvey, Marcus R"]
[Result "0-1"]
[WhiteElo "2345"]
[BlackElo "2405"]
[Annotator "TA"]
[PlyCount "94"]
[EventDate "2019.11.30"]
[EventType "k.o."]
[EventCountry "ENG"]
[SourceTitle "playchess.com"]
[Source "ChessBase"]
[SourceQuality "1"]

{[%evp 9,94,27,41,27,33,33,29,29,49,37,40,-29,-23,-12,-26,-60,-59,-41,-60,-49,-63,-61,-77,-84,0,-12,85,89,83,-28,-2,-110,-82,-98,-34,-41,0,0,0,-171,-152,-345,0,0,0,0,0,0,0,0,0,-30,-47,-93,-108,-222,-214,-248,-192,-244,-258,-308,-285,-302,-283,-414,-389,-406,-389,-411,-340,-860,-844,-802,-667,-903,-891,-5437,-5415,-3280,-5597,-29985,-29986,-29986,-29987,-29990,-29991]} 1. e4 e6 2. d4 d5 3. Nd2 h6 $146 (3... c5 4. Ngf3 cxd4 5. Nxd4 Nc6 6. Bb5 Bd7 7. Nxc6 bxc6 8. Bd3 Qc7 9. Qe2 Ne7 10. Nf3 Ng6 11. e5 c5 12. c4 dxc4 13. Bxc4 Be7 14. h4 Bc6 15. h5 Nf8 16. h6 g6 {1-0 (33) Navara,D (2734)-Vitiugov,N (2727) Riga 2019}) ({Predecessor:} 3... Nf6 4. e5 Nfd7 5. Bd3 c5 6. c3 Nc6 7. Ngf3 {1-0 (32) Moya Arau,C (2032)-Chalmeta Ugas,J (2164) Barcelona 2018}) 4. Ngf3 Nf6 5. e5 Nfd7 6. c3 {C03: French Tarrasch: Unusual Black 3rd moves} c5 7. Bd3 Nc6 8. O-O {White has an edge.} g5 9. h3 h5 10. g4 (10. c4 $14) 10... hxg4 $11 11. hxg4 Qb6 $1 {[%cal Rc5d4]} 12. Re1 cxd4 13. cxd4 Nxd4 14. Nxd4 Qxd4 15. Nb3 Qb4 16. Bd2 Qe7 (16... Qa4 $1 $17) 17. a3 Bg7 (17... Qd8 $11) 18. Bb4 $1 $36 {[%cal Rb4e7][%mdl 2048] Keeping Black busy.} Qd8 19. Bd6 (19. Nd4 $1 $16 {[%cal Rd4e6]} Qb6 20. Nf3 (20. Bb5 a6 $11)) 19... Bf8 $11 20. Qf3 (20. Bxf8 $1 $11 {remains equal.} Kxf8 21. Qf3) 20... Bxd6 21. exd6 {[#] Rxe6+! is the strong threat.} Nb6 ({Black should play} 21... Qf6 $1 $17 22. Qxd5 Rh4) 22. Bb5+ Bd7 23. Nd4 {And now Nxe6! would win.} Rh6 {Hoping for ...Qf6.} 24. Kg2 $2 {[#]} (24. Rac1 $11 {and White has nothing to worry.}) 24... Qf6 $1 $19 {[%cal Rf6d4]} 25. Qe3 $2 (25. Bxd7+ $17 {was called for.} Kxd7 26. Rh1 Qxf3+ 27. Nxf3 Rxh1 28. Rxh1) 25... a6 $2 ({Black should try} 25... Rh4 $19 26. Be2 Nc4 {[%mdl 64] Overworked Piece} 27. Bxc4 Rxg4+ {[%mdl 64] Double Attack} 28. Kf1 Rxd4) 26. Bxd7+ $11 Kxd7 27. Nf5 Nc4 {[%mdl 64] Double Attack} 28. Qb3 Nxd6 29. Nxh6 Qxh6 30. Rad1 Qf6 31. Qe3 Qxb2 32. Qxg5 (32. Rc1 $17) 32... Qxa3 $19 33. Re3 Qc5 34. Qf6 (34. Rf3 $142) 34... Rg8 35. g5 Rg6 36. Qf4 Qc4 37. Rd4 {[#]} (37. Kf3 {was necessary.}) 37... Rxg5+ $1 {[%mdl 576] Deflection} 38. Qxg5 Qxd4 {[%mdl 4096] Endgame KQR-KQN} 39. Qg8 Qf6 40. Qb8 $2 (40. Qg4) 40... d4 41. Rg3 Qf5 42. Rg8 {Black must now prevent Rd8+.} Qd5+ 43. Kg1 d3 44. Qd8+ Kc6 {( -> ...d2)} 45. Rg3 d2 {Black mates.} 46. Rc3+ Kb5 47. Qd7+ Kb4 {Accuracy: White = 33%, Black = 68%.} 0-1

[Event "British KO-ch Pre 2019"]
[Site "London"]
[Date "2019.11.30"]
[Round "8.2"]
[White "Horton, Andrew P"]
[Black "McPhillips, Joseph"]
[Result "1-0"]
[WhiteElo "2378"]
[BlackElo "2434"]
[Annotator "TA"]
[PlyCount "103"]
[EventDate "2019.11.30"]
[EventType "k.o."]
[EventCountry "ENG"]
[SourceTitle "playchess.com"]
[Source "ChessBase"]
[SourceQuality "1"]

{[%evp 22,102,0,0,0,-16,0,0,0,0,0,-4,6,-1,12,8,0,-24,-16,-18,-15,-22,-24,-20,0,-60,42,39,35,40,23,27,216,0,0,0,0,0,0,0,0,0,38,25,192,116,518,521,520,512,440,448,440,411,458,0,429,429,483,478,475,452,726,422,395,0,736,728,6111,5915,29982,29983,29990,29991,29991,29992,29992,29988,29991,29992,29996,29996,29999]} 1. Nf3 Nf6 2. c4 g6 3. g3 Bg7 4. Bg2 O-O 5. O-O d6 6. Nc3 e5 7. d3 Nc6 8. Rb1 a5 9. a3 Re8 10. Nd2 Nd4 11. b4 axb4 12. axb4 c6 {A25: English Opening vs King's Indian with ...Nc6 but without early d3} 13. b5 (13. Nde4 Nxe4 14. dxe4 Be6 15. Qd3 Qd7 16. Rd1 b5 17. cxb5 cxb5 18. Nd5 Bxd5 19. exd5 Qg4 20. e4 {0-1 (36) Klekowski,M (2457)-Shirov,A (2671) Czech Republic 2016}) 13... Bd7 14. bxc6 bxc6 {The position is equal.} 15. e3 $146 ({Predecessor:} 15. Nf3 Bg4 16. e3 Nxf3+ 17. Bxf3 h5 18. Bxg4 hxg4 19. e4 Qd7 20. Bg5 {0-1 (51) Langer,C (2104)-Lin,C (2475) Bangkok 2017}) 15... Ne6 16. Bb2 h5 17. Ra1 h4 18. Rxa8 Qxa8 19. Nde4 Nxe4 20. Nxe4 d5 21. Nd2 Nc5 22. Qc2 h3 23. Bh1 (23. Ra1 $11 Qb8 24. Bf1) 23... Bf5 ({Better is} 23... Qa4 $15 24. Qxa4 Nxa4) 24. cxd5 $14 Nxd3 25. e4 $1 {[%cal Re4f5]} Nxb2 26. exf5 e4 $2 (26... gxf5 $11 27. Qxb2 e4) 27. fxg6 $2 ({And not} 27. dxc6 gxf5 28. Nxe4 fxe4 $11) ({White has to play} 27. Nxe4 $18 Qa4 28. Qxa4 (28. Qxc6 Rxe4 29. fxg6 Qxc6 $15) 28... Nxa4 29. fxg6 fxg6 30. dxc6) 27... cxd5 $11 28. gxf7+ Kxf7 29. Qc7+ Kg8 30. Qd7 Nd3 31. Qxh3 Nxf2 {[%mdl 64] Decoy} 32. Rxf2 {Black must now prevent Rf4.} e3 $2 {[#]} (32... Bd4 $1 $11 {and Black has nothing to worry.}) 33. Re2 (33. Rf5 $1 $18 e2 34. Bxd5+ Qxd5 35. Rxd5 e1=Q+ 36. Qf1) 33... Qd8 $2 {[%mdl 8192]} (33... exd2 $16 34. Rxe8+ {[%mdl 64] Overworked Piece} Qxe8 35. Bxd5+ Kf8 36. Qf5+ Ke7 37. Qe6+ Kd8 38. Qb6+ Ke7) 34. Nf1 $18 d4 35. Qf5 {White wants to mate with Bd5+.} Re5 36. Qd3 Qb6 37. Qc4+ Kh7 {[#]} 38. Qd3+ $2 (38. Nxe3 $1 $18 dxe3 39. Be4+ Kh6 40. Bd3) 38... Kh8 $2 {[%mdl 8192]} (38... Kg8 $1 $11 39. g4 Qb5 40. Qxb5 Rxb5) 39. Bf3 Qf6 40. Kg2 Rf5 41. Qe4 Bh6 (41... Bf8 $142 42. Ra2 Qe5) 42. Qe8+ Bf8 43. Qe4 Bh6 $1 44. Ra2 d3 45. Nxe3 Re5 46. Ra8+ {White mates.} Kg7 47. Ra7+ Kf8 48. Qb4+ Kg8 49. Qc4+ Kh8 {[#]} 50. Ng4 $1 Qb6 51. Ra8+ Kg7 52. Qg8# {Accuracy: White = 55%, Black = 31%.} 1-0